000 00897nam a2200253Ia 4500
003 OSt
005 20220923213027.0
006 a|||||r|||| 00| 0
007 ta
008 220922b |||||||| |||| 00| 0 hin d
024 _a158,405
037 _cTextual
040 _aARTS
_cARTS
_bhin
041 _2hin
_ahin
082 _aO152,1xN5, L2
100 _aगौतम, प्रेम प्रकाश; कथूरिया, सुन्दर लाल
_9162925
245 0 _aसमवंत
246 _aSamavanta
260 _aदिल्ली
_b कोणार्क प्रकाशन
_c1972
300 _a120 पृ.
_ccm.
650 _aहिन्दी साहित्य
_9156264
942 _hO152,1xN5, L2
_cTEXL
_2CC
999 _c313204
_d313204